[Školská písanka Ľudovíta Štúra]

Zobrazenie: Reprodukcia vnútornej stránky školskej písanky 14-ročného Ľudovíta Štúra z jeho štúdií v Rábe.

Podrobná bibliografia
Korporatívny autor: Matica slovenská (Fotograf)
Ďalší autori: Jiríček, Ferdinand (Fotograf)
Médium: Fotografia
Jazyk:slovenčina
Fyzický popis:1 fotografia čb 13 x 18 cm
Vydavateľské údaje: [S.l. s.n.] 1956
Predmet:

MARC

LEADER 00000nkmaa2200000 a 4500
001 vtls011533870
003 SK-MaSNL
005 20260331210508.0
007 kh bo
008 251016s1956 xo | |||0 k|slo
035 |a urn:nbn:sk:snk-km00cof3 
035 |a urn:nbn:sk:snk-km3lpt3 
035 |a B17D0937-FC60-40E9-A819-43372FAACC36 
040 |a SNKLA  |b slo  |c SNKLA  |e AACR2 
041 0 |a slo 
044 |a xo  |c SK 
100 1 |a Jiríček, Ferdinand  |4 pht  |9 279446 
245 1 0 |a [Školská písanka Ľudovíta Štúra]  |h grafika 
260 |a [S.l.  |b s.n.]  |c 1956 
300 |a 1 fotografia  |b čb  |c 13 x 18 cm 
500 |a Originál školskej písanky sa nachádza v Literárnorukopisných zbierkach LA SNK v Martine. 
520 2 |a Zobrazenie: Reprodukcia vnútornej stránky školskej písanky 14-ročného Ľudovíta Štúra z jeho štúdií v Rábe. 
600 1 7 |a Štúr, Ľudovít,  |d 1815-1856  |2 SNKMA  |9 92872 
655 7 |a fotografie  |2 SNKPH  |9 70713 
710 2 |a Matica slovenská  |4 pht  |9 14662 
852 7 |a Slovenská národná knižnica  |b Literárny archív 
958 |a ZO 
958 |a BLA 
999 |c 930786  |d 932716 
952 |a SNKLA  |b SNKLA  |c SNKLA_DEP  |y NEVYP  |7 0  |p 17A1007834  |o snkK 19/76  |i snkLA 710/1956  |0 0  |1 0  |4 0  |d 2016-03-10  |f 1  |l 0  |r 2026-02-24 08:47:22  |w 2026-02-24